Q fórum Dny kvality

Praha, február 1996 - sympózium odborníkov v oblasti akosti. Hlavné témy sympózia - 1. akosť pre 21. storočie, 2. občan, štát a akosť, 3. akosť a trh. Spoločenský večer na Žofíne - predstavenie sponzorov akcie, kultúrny program, odovzdanie jednotlivých ocenení.

Guardado en:
Detalles Bibliográficos
Autor principal: Ryšánek, P.
Formato: Capítulo de libro
Lenguaje:checo
Materias:
Etiquetas: Agregar Etiqueta
Sin Etiquetas, Sea el primero en etiquetar este registro!

MARC

LEADER 00000naa a2200000 4500
001 r022980
005 20230525070308.8
041 0 |a cze 
044 |a CZ 
245 1 0 |a Q fórum  |b Dny kvality  |c P. Ryšánek 
520 |a Praha, február 1996 - sympózium odborníkov v oblasti akosti. Hlavné témy sympózia - 1. akosť pre 21. storočie, 2. občan, štát a akosť, 3. akosť a trh. Spoločenský večer na Žofíne - predstavenie sponzorov akcie, kultúrny program, odovzdanie jednotlivých ocenení. 
610 2 0 |a kvalita 
610 2 0 |a občania 
610 2 0 |a štát 
610 2 0 |a trh 
610 2 0 |a sympóziá 
610 2 0 |a Praha 
610 2 0 |a 1996 
100 1 |a Ryšánek, P.